[Event "JUG-chT"]
[Site "Vrnjacka Banja"]
[Date "1996.??.??"]
[Round "?"]
[White "Zivkovic, Milan"]
[Black "Damjanovic, Vladimir"]
[Result "1/2-1/2"]
[WhiteElo "2285"]
[BlackElo "2440"]

1.e4 c5 2.Nf3 Nc6 3.Bb5 Nf6 4.e5 Nd5 5.O-O Nc7 6.Bxc6 dxc6 7.h3 g6 8.d3 Bg7
9.Nbd2 O-O 10.a4 Be6 11.b3 Bd5 12.Bb2 Bxf3 13.Nxf3 Qd5 14.a5 Ne6 15.Ra4 Rad8
16.Re4 Qxe4 17.dxe4 Rxd1 18.Rxd1 Rd8 19.Rxd8+ Nxd8 20.Bc1 Ne6 21.Be3 Kf8
22.Kf1 Ke8 23.g3 b6 24.axb6 axb6 25.Ke2 Nf8 26.h4 Nd7 27.Bf4 h6 28.Kd3 Kd8
29.Ke2 Nf8 30.Be3 Nd7 31.Bf4 Kc8 32.Kd3 Kb7 33.c4 Kc8 34.Ke2 Kd8 35.Kd3 Kc8
36.Ke2 Kd8 37.Kd3 Kc8 38.Ke2  1/2-1/2

[Event "JUG-ch (Women) 2"]
[Site "Vrnjacka Banja"]
[Date "1996.??.??"]
[Round "?"]
[White "Vuksanovic, Sanja"]
[Black "Matveeva, Svetlana"]
[Result "1/2-1/2"]
[WhiteElo "2285"]
[BlackElo "2445"]

1.e4 c5 2.Nf3 Nc6 3.Bb5 d6 4.O-O Bg4 5.c3 Qb6 6.Na3 a6 7.Be2 Nf6 8.Nc4 Qd8
9.e5 dxe5 10.Nfxe5 Nxe5 11.Nxe5 Bxe2 12.Qxe2 e6 13.Rd1 Qc7 14.d4 Bd6 15.Bf4 Nd7
16.Bg3 Nxe5 17.Bxe5 O-O-O 18.Bxd6 Rxd6  1/2-1/2

[Event "JUG-chT"]
[Site "Vrnjacka Banja"]
[Date "1996.??.??"]
[Round "?"]
[White "Petrovic, Vojislav"]
[Black "Zakic, Srdjan"]
[Result "1/2-1/2"]
[WhiteElo "2305"]
[BlackElo "2365"]

1.e4 c5 2.Nf3 Nc6 3.Bb5 g6 4.Bxc6 dxc6 5.h3 e5 6.d3 f6 7.Be3 Nh6 8.Qd2 Nf7
9.Nc3 Be6 10.a3 Qd7 11.Ng1 f5 12.exf5 gxf5 13.f4 exf4 14.Bxf4 Bg7 15.Nf3 O-O
16.O-O Rae8 17.Rae1 Bd5 18.Nxd5 cxd5 19.c3 Kh8 20.Rxe8 Rxe8 21.Re1 Bf6 22.Re2 Re7  1/2-1/2

[Event "JUG-chT"]
[Site "Vrnjacka Banja"]
[Date "1996.??.??"]
[Round "?"]
[White "Dabic, Mladen"]
[Black "Ilic, Zoran"]
[Result "1/2-1/2"]
[WhiteElo "2315"]
[BlackElo "2400"]

1.e4 c5 2.Nf3 Nc6 3.Bb5 d6 4.e5 Bd7 5.exd6 e6 6.d4 Bxd6 7.dxc5 Bxc5 8.O-O Nf6
9.c3 Qb6 10.Qe2 O-O 11.Bd3 h6 12.Nbd2 Rfd8 13.Ne4 Nxe4 14.Qxe4 f5 15.Qe2 Qc7
16.Bxf5 Bxf2+ 17.Rxf2 exf5 18.Qc4+ Kh7 19.Bf4 Qc8 20.Re1 Re8 21.Rfe2 Rxe2
22.Rxe2 Qf8 23.Ne5 Nxe5 24.Rxe5 Bc6  1/2-1/2

[Event "JUG-chT"]
[Site "Vrnjacka Banja"]
[Date "1996.??.??"]
[Round "?"]
[White "Grujic, Lazar"]
[Black "Kontic, Djordje"]
[Result "1-0"]
[WhiteElo "2340"]
[BlackElo "2400"]

1.e4 c5 2.Nf3 Nc6 3.Bb5 Nf6 4.Qe2 Qb6 5.a4 e5 6.O-O Be7 7.d3 d6 8.h3 O-O
9.Bc4 Be6 10.Na3 Rae8 11.c3 a6 12.Ng5 Bc8 13.Be3 Qc7 14.Rae1 h6 15.Nf3 Be6
16.Bc1 Rd8 17.Bxe6 fxe6 18.Nc4 b5 19.axb5 axb5 20.Na3 Rb8 21.Nc2 Qd7 22.d4 c4
23.Rd1 Qe8 24.Rfe1 Qh5 25.Nh2 Qxe2 26.Rxe2 exd4 27.Nxd4 Nxd4 28.Rxd4 Nd7
29.Nf3 Nc5 30.Rd1 Ra8 31.Nd4 Ra1 32.Rf1 Rb8 33.Nc6 Rb7 34.Bf4 Rxf1+ 35.Kxf1 e5
36.Bg3 Bf8 37.Nb4 Ra7 38.f3 Nb3 39.Bf2 Ra8 40.g3 g6 41.Kg2 h5 42.f4 exf4
43.gxf4 Bh6 44.Be3 Ra1 45.Nd5 Bg7 46.Nc7 b4 47.cxb4 Ra2 48.Kf3 Bxb2 49.Nd5 Kf7
50.Nc3 Bxc3 51.Rxa2 Bxb4 52.Ra4 Nd2+ 53.Ke2 Nxe4 54.Rxb4 d5 55.Rb6 Ng3+ 56.Kf3 Nf5
57.Bf2 h4 58.Rc6 Ne7 59.Rd6 c3 60.Ke2 g5  1-0

[Event "JUG-chT"]
[Site "Vrnjacka Banja"]
[Date "1996.??.??"]
[Round "?"]
[White "Kovacevic, Dragan"]
[Black "Damjanovic, Vladimir"]
[Result "0-1"]
[WhiteElo "2360"]
[BlackElo "2440"]

1.e4 c5 2.Nf3 Nc6 3.Bb5 Nf6 4.Qe2 e5 5.h3 Be7 6.O-O d6 7.c3 O-O 8.b3 Qc7
9.Na3 a6 10.Bxc6 Qxc6 11.Re1 Re8 12.d3 Be6 13.Bg5 h6 14.Bh4 Rac8 15.Nc2 Nh7
16.Bxe7 Rxe7 17.Ne3 Nf6 18.Rad1 b5 19.Nh4 g6 20.Qf3 Nh7 21.Qg3 Ng5 22.Nf3 Nxf3+
23.Qxf3 f5 24.Qg3 Kh7 25.exf5 gxf5 26.Qh4 Rg7 27.f4 Rcg8 28.Rd2 Qf3 29.Rf2 Qg3
30.Qxg3 Rxg3 31.fxe5 dxe5 32.Nf1 Rxd3 33.Rxe5 Rg6 34.Rxc5 Rxh3 35.Rc7+ Kh8
36.g3 Rh5 37.Rd2 f4 38.Rd3 Bd5 39.Rd7 Rh1+ 40.Kf2 fxg3+ 41.Nxg3 Rh2+ 42.Ke1 Be6
43.Rd8+ Bg8 44.c4 h5 45.Nf1 Rxa2 46.c5 h4 47.Rh3 Re6+ 48.Ne3 Ra1+ 49.Ke2 Re4
50.Kd2 Ra2+ 51.Kc1 Kh7 52.c6 Be6 53.Re8 b4 54.c7 Ra5 55.Re7+ Kg8 56.Re8+ Kf7
57.c8=Q Bxc8 58.Rxc8 Kg6 59.Rg8+ Kh5 60.Rh8+ Kg6 61.Rf3 Rg5 62.Kd2 Rc5 63.Kd3 Re6
64.Rxh4 Rc3+ 65.Kd4 Rxb3 66.Rg4+ Kh7 67.Rf7+ Kh6 68.Rf8 Rg6 69.Rh4+ Kg7 70.Rhh8 Rf6
71.Rfg8+ Kf7 72.Nd5 Rf1 73.Rg5 Rbf3 74.Rh7+ Ke6 75.Rg6+ Kf5 76.Rf6+ Kg5 77.Rg7+  0-1

[Event "JUG-chT"]
[Site "Vrnjacka Banja"]
[Date "1996.??.??"]
[Round "?"]
[White "Kovacevic, Dragan"]
[Black "Ilic, Zoran"]
[Result "1-0"]
[WhiteElo "2360"]
[BlackElo "2400"]

1.e4 c5 2.Nf3 Nc6 3.Bb5 d6 4.h3 Bd7 5.O-O a6 6.Bxc6 Bxc6 7.Re1 Nf6 8.e5 dxe5
9.Nxe5 Qd5 10.Nxc6 Qxc6 11.d3 e6 12.Nc3 Be7 13.Bg5 h6 14.Bh4 g5 15.Bg3 O-O-O
16.a4 Rhg8 17.a5 Rd4 18.Be5 Rb4 19.b3 g4 20.h4 g3 21.Bxg3 Rxh4 22.Ra4 Rxa4
23.Nxa4 Bd6 24.Nb6+ Kd8 25.Re3 Bxg3 26.Rxg3 Rxg3 27.fxg3 Qd6 28.Qf3 Qd4+
29.Kf1 Kc7 30.Ke2 Qe5+ 31.Kd2 Qg5+ 32.Kd1 Qe5 33.Nc4 Qd4 34.Kd2 Kc8 35.c3 Qd8
36.Nb6+ Kc7 37.Qf4+ Kc6 38.Qh4 Qe7 39.Qxh6 Nd5 40.Nxd5 Kxd5 41.Qf4 Kc6 42.g4 Qd7
43.Qa4+ Kd6 44.Qxd7+ Kxd7 45.Ke3 Kd6 46.g5 Ke5 47.g4 Kd5 48.Kf4 Kd6 49.c4 Ke7
50.Ke5  1-0

[Event "Wangs Pizol op"]
[Site "Wangs Pizol"]
[Date "1996.??.??"]
[Round "8"]
[White "Bhend, Edwin"]
[Black "Weindl, Alfred"]
[Result "1/2-1/2"]
[WhiteElo "2260"]
[BlackElo "2335"]

1.e4 c5 2.Nf3 Nc6 3.Bb5 g6 4.O-O Bg7 5.Re1 Nf6 6.e5 Nd5 7.Nc3 Nc7 8.Bc4 O-O
9.d3 b6 10.Bf4 Bb7 11.a3 Nd4 12.Nxd4 cxd4 13.Ne4 b5 14.Bb3 Ne6 15.Qd2 Qc7
16.Ng3 Rac8 17.Re2 a5 18.f3 Kh8 19.Rae1 Nxf4 20.Qxf4 f6 21.Qxd4 fxe5 22.Qf2 a4
23.Ba2 Qd6 24.Ne4 Qd4 25.c3 Qxf2+ 26.Nxf2 h5 27.Nd1 Bf6 28.Rxe5 Bxe5 29.Rxe5 e6
30.Ne3 Bc6 31.d4 Kh7 32.Kf2 Kh6 33.h4 Rg8 34.f4 Kg7 35.Rg5 Kf6 36.Bb1 d6
37.Bd3 Rb8 38.g4 hxg4 39.Nxg4+ Ke7 40.Bxg6 Be8 41.h5 Bxg6 42.hxg6 Rg7 43.Ne3 Rf8
44.f5 Kf6 45.Rh5 Rxg6 46.Ke2 exf5 47.Rxf5+ Ke7 48.Rxb5 Kd7 49.Rb7+ Kc6 50.Re7 Rg3
51.d5+ Kc5 52.Re4 Rh8  1/2-1/2

[Event "Werfen op-B"]
[Site "Werfen"]
[Date "1996.??.??"]
[Round "2"]
[White "Taschner, Peter"]
[Black "Vogl, Klaus"]
[Result "1/2-1/2"]
[WhiteElo "1875"]
[BlackElo "1710"]

1.e4 c5 2.Nf3 Nc6 3.Bb5 Nd4 4.Nxd4 cxd4 5.c3 Qb6 6.Qe2 g6 7.O-O Bg7 8.Na3 dxc3
9.dxc3 Nf6 10.e5 Nd5 11.Bc4 Nc7 12.Be3 Qa5 13.Bd4 O-O 14.Nc2 Ne6 15.Rfe1 Qc7
16.Bb3 b6 17.Qe3 Bb7 18.Nb4 Rac8 19.Rad1 Nc5 20.Bxc5 bxc5 21.Nd5 Bxd5 22.Bxd5 e6
23.Bc4 Rfd8 24.Qg3 Bf8 25.h4 d5 26.exd6 Bxd6 27.Qh3 Rb8 28.b3 Bf4 29.h5 Kg7
30.Qf3 Bh2+ 31.Kh1 Be5 32.g3 Rxd1 33.Rxd1 Qb7 34.Qxb7 Rxb7 35.hxg6 hxg6 36.Rd3 Re7
37.Kg2 g5 38.b4 cxb4 39.cxb4 f5 40.a4 Kf6 41.Bb3  1/2-1/2

[Event "Winterthur-B"]
[Site "Winterthur"]
[Date "1996.??.??"]
[Round "8"]
[White "Wittwer, Moritz"]
[Black "Sievers, Stefan"]
[Result "0-1"]
[WhiteElo "2170"]
[BlackElo "2380"]

1.e4 c5 2.Nf3 Nc6 3.Bb5 g6 4.c3 Nf6 5.e5 Nd5 6.Ng5 Nc7 7.Ba4 c4 8.d4 cxd3
9.O-O Bg7 10.f4 O-O 11.Qxd3 d6 12.exd6 Qxd6 13.Qg3 Bf5 14.Nd2 Rad8 15.Nde4 Qd5
16.Bb3 Qa5 17.Re1 Nd5 18.Nf3 e6 19.Qh4 Bxe4 20.Rxe4 Rd7 21.Re1 Rfd8 22.f5 exf5
23.Bg5 Rf8 24.Rad1 Nb6 25.Bh6 Qc5+ 26.Kh1 Rxd1 27.Rxd1 Ne5 28.Bxg7 Kxg7 29.Nd4 h6
30.Qg3 Ng4 31.Re1 Kh7 32.h3 Nf6 33.Bc2 Re8 34.Rxe8 Nxe8 35.Qb8 Qe7 36.Qxa7 Nc4
37.Nf3 Ned6 38.Qf2 Nxb2 39.Nd4 Nbc4 40.Bd3 Qe5 41.Qh4 Ne3 42.Qe1 f4 43.Nf3 Qd5
44.Qb1 f5 45.Kg1 b5 46.Kh2 g5 47.Kg1 Kg7 48.a4 bxa4 49.c4 Ndxc4 50.Qa1+ Kg6
51.Bxc4 Nxc4 52.Qxa4 Kg7 53.Qa1+ Kh7 54.Qa7+ Kh8 55.Qe7 Ne3 56.Qe5+ Kh7 57.Qe7+ Kg6
58.Qe8+ Kg7 59.Qe7+ Qf7 60.Qe5+ Qf6 61.Qc7+ Kg6 62.Ne5+ Kh5 63.Qb8 g4 64.Qe8+ Kh4
65.Kh2 Qd6 66.Ng6+ Kg5 67.h4+ Kf6 68.Qf8+ Qxf8 69.Nxf8 Nd5 70.Nd7+ Kg6 71.g3 Kh5
72.Ne5 fxg3+ 73.Kxg3 f4+ 74.Kh2 Kxh4  0-1

[Event "Wuerzburg op"]
[Site "Wuerzburg"]
[Date "1996.??.??"]
[Round "7.11"]
[White "Held, Markus"]
[Black "Schoenau, Werner"]
[Result "1/2-1/2"]
[WhiteElo "2205"]
[BlackElo "2300"]

1.e4 c5 2.Nf3 Nc6 3.Bb5 d6 4.O-O Bd7 5.Re1 e6 6.c3 Nf6 7.d4 Be7 8.d5 Ne5
9.Bxd7+ Qxd7 10.Nxe5 dxe5 11.c4 O-O 12.Nc3 Bd8 13.Bg5 Ne8 14.Be3 Rc8 15.dxe6 Qxe6  1/2-1/2

[Event "Yalta op"]
[Site "Yalta"]
[Date "1996.??.??"]
[Round "1"]
[White "Baklan, Vladimir"]
[Black "Kazmin, A."]
[Result "1-0"]
[WhiteElo "2490"]
[BlackElo "2185"]

1.e4 c5 2.Nf3 Nc6 3.Bb5 Qc7 4.O-O a6 5.Bxc6 dxc6 6.h3 e5 7.d3 Bd6 8.Be3 Ne7
9.Nbd2 O-O 10.Nc4 Be6 11.Qe1 f6 12.Nxd6 Qxd6 13.Qa5 c4 14.Bc5 Qd7 15.dxc4 Rfd8
16.Bb6 Rdc8 17.Rfd1 Qe8 18.Qb4 Ng6 19.Be3 b5 20.c5 a5 21.Qe1 a4 22.Rd6 Nf8
23.Kh2 Qh5 24.Nd2 Qf7 25.a3 g5 26.Qe2 Ra7 27.c4 Rb7 28.cxb5 Rxb5 29.Rxc6 Rcb8
30.Rb6 Rxb2 31.Rb1 Rxb1 32.Nxb1 Rxb6 33.cxb6 Qb7 34.Nc3 Qc6 35.Qd3 Nd7 36.Nd5 Kf7
37.Nb4 Qa8 38.Qd6 Qxe4 39.Nc6 Qd5 40.Nd8+ Ke8 41.Qxe6+ Qxe6 42.Nxe6 Ke7 43.Nc7 Kd6
44.Nb5+ Kc6 45.Nc3 f5 46.f3 f4 47.Bf2 Nf6 48.Nxa4 e4 49.b7 Kxb7 50.Nc5+ Kc6
51.fxe4  1-0

[Event "Yalta op"]
[Site "Yalta"]
[Date "1996.??.??"]
[Round "4"]
[White "Koziak, Vitali"]
[Black "Muhtarov, Leonid"]
[Result "1-0"]
[WhiteElo "2450"]
[BlackElo "2200"]

1.Nf3 c5 2.e4 Nc6 3.Bb5 Nf6 4.Qe2 g6 5.O-O Bg7 6.c3 O-O 7.d4 cxd4 8.cxd4 d5
9.e5 Ne4 10.Be3 f6 11.exf6 exf6 12.Nc3 Be6 13.Rad1 Nxc3 14.bxc3 Na5 15.Bc1 Bd7
16.c4 Re8 17.Qd3 dxc4 18.Bxc4+ Nxc4 19.Qxc4+ Be6 20.d5 Bf7 21.Bf4 Rc8 22.Qb5 Re4
23.Be3 b6 24.Rc1 Rxc1 25.Rxc1 Re8 26.Rd1 Qd6 27.Qa4 Re7 28.Bf4 Qd7 29.Qd4 g5
30.Be3 f5 31.Qd3 f4 32.Bc1 g4 33.d6 Re8 34.Ng5 Bg6 35.Qd5+ Kh8 36.Bxf4 h6
37.h3 hxg5 38.Qxg5 Bc2 39.Rc1 Qf5 40.Rxc2 Qxc2 41.Qh5+ Kg8 42.Qxe8+ Kh7 43.Qh5+ Kg8
44.Qd5+  1-0

[Event "Yalta op"]
[Site "Yalta"]
[Date "1996.??.??"]
[Round "8"]
[White "Kondenko, Alexey"]
[Black "Goloshchapov, Alexander"]
[Result "0-1"]
[WhiteElo "2230"]
[BlackElo "2445"]

1.e4 c5 2.Nf3 Nc6 3.Bb5 g6 4.O-O Nf6 5.Re1 Bg7 6.e5 Nd5 7.Nc3 Nc7 8.Bxc6 dxc6
9.Ne4 Ne6 10.d3 O-O 11.Be3 b6 12.Qd2 f5 13.exf6 exf6 14.Bh6 a5 15.Bxg7 Kxg7
16.a3 Ra7 17.b4 cxb4 18.axb4 a4 19.Qc3 Qd5 20.h4 h6 21.Ra3 b5 22.Qa1 Nf4
23.Rc3 Qd7 24.Rc5 Nxg2 25.Kxg2 Qh3+ 26.Kg1 Qxf3 27.Re3 Qg4+ 28.Rg3 Qxh4 29.Rxc6 a3
30.Rxc8 Rxc8 31.Nd6 Qxb4 32.Nf5+ Kh7 33.Qxf6 Qe1+ 34.Kg2 Qe8 35.Nd6 Qc6+
36.Kh2 Rg8 37.Qf4 a2 38.Nf7 g5 39.Qf5+ Qg6 40.Nxg5+ hxg5 41.Rh3+ Kg7 42.Qe5+ Qf6  0-1

[Event "Yalta op"]
[Site "Yalta"]
[Date "1996.??.??"]
[Round "8"]
[White "Golubev, Mihail"]
[Black "Moroz, Alexander"]
[Result "1/2-1/2"]
[WhiteElo "2525"]
[BlackElo "2500"]

1.e4 c5 2.Nf3 Nc6 3.Bb5 e6 4.O-O Nge7 5.b3 Nd4 6.Nxd4 cxd4 7.c3 Qb6 8.Na3 Ng6
9.Be2 Be7 10.Nb5 dxc3 11.dxc3 a6 12.Nd4 O-O 13.Be3 Qc7 14.c4 b6 15.g3 Bb7
16.Bf3 Ne5 17.Bg2 Nc6 18.Rc1 Nxd4 19.Qxd4 Bc5 20.Qd2 d6 21.b4 Bxe3 22.Qxe3 Rac8
23.Rfd1 Rfd8 24.h4 h6 25.c5 dxc5 26.Rxd8+ Qxd8 27.bxc5 Qc7 28.c6 Bxc6 29.e5 Qd7
30.Qxb6 Bxg2 31.Rxc8+ Qxc8 32.Kxg2 Qc4 33.Qb8+  1/2-1/2

[Event "Yalta op"]
[Site "Yalta"]
[Date "1996.??.??"]
[Round "10"]
[White "Shaposhnikov, Evgeny"]
[Black "Muhtarov, Leonid"]
[Result "1-0"]
[WhiteElo "2320"]
[BlackElo "2200"]

1.e4 c5 2.Nf3 Nc6 3.Bb5 g6 4.O-O Bg7 5.Re1 Nf6 6.c3 O-O 7.h3 Qb6 8.Ba4 d6
9.d4 Qc7 10.Nbd2 a6 11.Nf1 b5 12.Bc2 cxd4 13.cxd4 e5 14.Be3 exd4 15.Nxd4 Ne5
16.b3 Bb7 17.Ng3 Rac8 18.Qd2 Qc3 19.Qxc3 Rxc3 20.Bd2 Rcc8 21.Rac1 Nfd7 22.Bb4 Nc5
23.Rcd1 Rfd8 24.Ba5 Rd7 25.Nde2 d5 26.f4 Nc6 27.Bb6 Nb4 28.Bb1 dxe4 29.Bxc5 Rxd1
30.Bxb4 Rxe1+ 31.Bxe1 f5 32.Nf1 Rd8 33.Ne3 Bf8 34.b4 a5 35.a3 axb4 36.axb4 Ra8
37.Bc3 Ra3 38.Kf2 Bg7 39.Bxg7 Kxg7 40.Nd4 Ra4 41.Nec2 Bd5 42.Nxb5 Bb3 43.Nbd4 Bc4
44.Ke3 Bf1 45.Ne6+ Kf7 46.Nc5 Ra8 47.g3 Bxh3 48.b5 Rb8 49.Nd4 Bf1 50.Ba2+ Ke8
51.Bd5 h6 52.Na4 Rd8 53.Bc6+ Ke7 54.b6 Kd6 55.b7 Ba6 56.Nb6 Bxb7 57.Nc4+ Kc5
58.Ne6+ Kxc4 59.Nxd8 Bxc6 60.Nxc6 g5 61.Ne7 gxf4+ 62.gxf4 h5 63.Nxf5 Kd5
64.Nh4 Ke6 65.Kxe4 Kf6 66.f5 Kg5 67.Ke5 Kxh4 68.f6 Kg3 69.f7 h4 70.f8=Q h3
71.Qg7+ Kf2 72.Kf4  1-0

[Event "Yalta op (Women)"]
[Site "Yalta"]
[Date "1996.??.??"]
[Round "11"]
[White "Kulish, Irina"]
[Black "Ivanova, Svetlana"]
[Result "1-0"]
[WhiteElo "2260"]
[BlackElo "2115"]

1.e4 c5 2.Nf3 Nc6 3.Bb5 g6 4.Bxc6 bxc6 5.O-O Bg7 6.Re1 e5 7.c3 Ne7 8.d4 cxd4
9.cxd4 exd4 10.Nxd4 O-O 11.Nc3 Bb7 12.Bg5 Kh8 13.Qd2 f6 14.Bf4 Re8 15.Rad1 Nc8
16.Nb3 Nb6 17.Nc5 Bc8 18.Qd3 d5 19.Qg3 Qe7 20.Bd6 Qf7 21.exd5 Nxd5 22.Nxd5 cxd5
23.Rxe8+ Qxe8 24.h3 Qc6 25.Nb3 Ba6 26.Rc1 Qe8 27.Rc7 Qb5 28.Nd4 Qxb2 29.Ne6 Rg8
30.Rxa7 Bc4 31.Qe3 Qb1+ 32.Kh2 Qe4 33.Bc5 Qe5+ 34.f4 Qxe3 35.Bxe3 Re8 36.f5 gxf5
37.Nxg7 Rxe3 38.Nxf5 Re8 39.Kg3 Bd3 40.Nd4 Re3+ 41.Kf4  1-0

[Event "Yerevan ol (Men)"]
[Site "Yerevan"]
[Date "1996.??.??"]
[Round "1"]
[White "Aryanejad, Hossein"]
[Black "Ivanovic, Bozidar"]
[Result "1/2-1/2"]
[WhiteElo "2340"]
[BlackElo "2510"]

1.e4 c5 2.Nf3 Nc6 3.Bb5 e6 4.Bxc6 bxc6 5.b3 f6 6.O-O Ne7 7.Ba3 d6 8.d4 cxd4
9.Qxd4 c5 10.Qe3 Nc6 11.Nc3 Be7 12.Rad1 Qa5 13.Na4 O-O 14.Qd2 Qxd2 15.Rxd2 Rb8
16.Rfd1 Rd8 17.Nb2 Ba6 18.c3 Kf7 19.Nd3 g6 20.h3 Bf8 21.c4 Bh6 22.Re2 e5
23.Bc1 Bxc1 24.Nxc1 Bc8 25.Red2 Ke7 26.Ne2 Nd4 27.Nc3 Be6 28.Nh2 f5 29.f3 f4
30.Ng4 h5 31.Nf2 g5 32.Ne2 Nxe2+ 33.Rxe2 a5 34.Nd3 g4 35.hxg4 hxg4 36.Kf2 Rh8
37.Rg1 Rbg8 38.Kf1 g3 39.Ke1 Rh2 40.Kd2 Rgh8 41.Kc3 Rh1 42.Ree1 Rxg1 43.Rxg1 Rh2
44.a3 Bf7 45.a4 Bg6 46.Ne1 Kf6 47.Kd3 Kg5 48.Nc2 Bh5 49.Ke2 Be8 50.Na3 Kf6
51.Nc2 Bd7 52.Kd3 Bc8 53.Ne1 Kg5 54.Nc2 Ba6 55.Na3 Kf6 56.Nb5 Ke7 57.Na3 d5
58.exd5 Bc8 59.Ke4 Kf6 60.d6 Ke6 61.Nb5 Bb7+ 62.Kd3 Bc6 63.Kc3 Kd7 64.Kd3 Ke6
65.Kc3 Kd7 66.Kd3 Ke6 67.Kc3 Kd7  1/2-1/2

[Event "Yerevan ol (Men)"]
[Site "Yerevan"]
[Date "1996.??.??"]
[Round "2"]
[White "Rublevsky, Sergei"]
[Black "Hossain, Enamul"]
[Result "1-0"]
[WhiteElo "2645"]
[BlackElo "2255"]

1.e4 c5 2.Nf3 Nc6 3.Bb5 g6 4.Bxc6 dxc6 5.d3 Bg7 6.h3 e5 7.Be3 Qe7 8.Qd2 Nf6
9.Bh6 O-O 10.Nc3 a5 11.O-O-O b5 12.Ne2 Re8 13.Bxg7 Kxg7 14.g4 c4 15.g5 Nh5
16.dxc4 bxc4 17.Qd6 Qxd6 18.Rxd6 Nf4 19.Nxf4 exf4 20.Nd2 Be6 21.Rxc6 Rec8
22.Rxc8 Rxc8 23.h4 c3 24.bxc3 Bxa2 25.Kb2 Be6 26.Ra1 Rb8+ 27.Nb3 Bxb3 28.cxb3 Rb5
29.Rd1 h6 30.Rd5 Rb7 31.Rxa5 hxg5 32.Rxg5  1-0

[Event "Yerevan ol (Women)"]
[Site "Yerevan"]
[Date "1996.??.??"]
[Round "2"]
[White "Segal, Anna"]
[Black "Licina, Anita"]
[Result "0-1"]
[WhiteElo "2295"]
[BlackElo "2155"]

1.e4 c5 2.Nf3 Nc6 3.Bb5 Nf6 4.Nc3 g6 5.e5 Ng4 6.Qe2 Bg7 7.Bxc6 dxc6 8.h3 Nh6
9.Ne4 b6 10.Nf6+ Kf8 11.Ne4 Nf5 12.d3 Nd4 13.Nxd4 cxd4 14.f4 f5 15.Ng5 h6
16.Nf3 c5 17.Nh4 Qe8 18.Qf3 Be6 19.Nxg6+ Qxg6 20.Qxa8+ Kf7 21.Qf3 Rd8 22.Rg1 Bd5
23.Qf2 h5 24.Bd2 a5 25.g4 hxg4 26.hxg4 fxg4 27.O-O-O Qf5 28.Rdf1 Rh8 29.Qg3 Be6
30.Qg2 a4 31.Qb7 c4 32.dxc4 Bxc4 33.Re1 Rc8 34.Bb4 Bf8 35.Rg2 Be6  0-1

[Event "Yerevan ol (Men)"]
[Site "Yerevan"]
[Date "1996.??.??"]
[Round "3"]
[White "Damaso, Rui"]
[Black "Grivas, Efstratios"]
[Result "1-0"]
[WhiteElo "2420"]
[BlackElo "2500"]

1.e4 c5 2.Nf3 Nc6 3.Bb5 d6 4.O-O Bd7 5.c3 a6 6.Bxc6 Bxc6 7.d4 Bxe4 8.Re1 Nf6
9.Bg5 Bd5 10.c4 Bxf3 11.Qxf3 cxd4 12.Qxb7 Qc8 13.Qf3 e6 14.Bxf6 gxf6 15.Nd2 Be7
16.Nb3 e5 17.Nxd4 Rb8 18.Nf5 Rg8 19.b3 Rg5 20.g4 h5 21.h3 hxg4 22.hxg4 d5
23.cxd5 Rb4 24.Re4 Rxe4 25.Qxe4 Qc3 26.Rd1 Qh3 27.Rd4 Kd7 28.Rc4 Bd6 29.Ng3 Bb8
30.d6 Bxd6 31.Nf5 Ke6 32.Rd4 Rxg4+ 33.Qxg4 Qxg4+ 34.Rxg4 Kxf5 35.Ra4 e4 36.Rxa6 Be5
37.Rc6 Kf4 38.Kg2 f5 39.a4 e3 40.Rc4+ Kg5 41.fxe3  1-0

[Event "Yerevan ol (Women)"]
[Site "Yerevan"]
[Date "1996.??.??"]
[Round "4"]
[White "Uskova, Fliura"]
[Black "Ciuksyte, Dagne"]
[Result "1-0"]
[WhiteElo "2310"]
[BlackElo "2205"]

1.e4 c5 2.Nf3 Nc6 3.Bb5 g6 4.Bxc6 dxc6 5.h3 Bg7 6.d3 e5 7.Nc3 Qe7 8.Be3 Nf6
9.Qd2 O-O 10.Bh6 Nh5 11.Bxg7 Nxg7 12.O-O-O b5 13.Kb1 f6 14.g4 Ne6 15.Ne2 Rd8
16.Qh6 Nd4 17.Nfxd4 cxd4 18.f4 exf4 19.Qxf4 Be6 20.Rdf1 Kg7 21.h4 c5 22.Rf2 Bg8
23.h5 Qe6 24.h6+ Kf7 25.Rhf1 Ke8 26.Nc1 Rd6 27.e5  1-0

[Event "Yerevan ol (Men)"]
[Site "Yerevan"]
[Date "1996.??.??"]
[Round "4"]
[White "Davila, Carlos"]
[Black "Garcia, Raul"]
[Result "1-0"]
[WhiteElo "2290"]
[BlackElo "2285"]

1.e4 c5 2.Nf3 Nc6 3.Bb5 e5 4.O-O Nge7 5.d3 g6 6.c3 Bg7 7.Be3 d6 8.d4 exd4
9.cxd4 O-O 10.Nc3 cxd4 11.Nxd4 d5 12.Bxc6 bxc6 13.exd5 cxd5 14.Qd2 Nf5 15.Nxf5 Bxf5
16.Rfd1 Bg4 17.f3 Be6 18.Bd4 Bxd4+ 19.Qxd4 Qb8 20.b3 Rd8 21.Rac1 Qb6 22.Ne2 Rac8
23.Qxb6 axb6 24.Rxc8 Rxc8 25.Rc1 Rc5 26.b4 Rxc1+ 27.Nxc1 Kf8 28.Kf2 d4 29.a3 Ke7
30.Ne2 Kd6 31.Nxd4 Kd5 32.Nxe6 fxe6 33.a4 Kc4 34.a5 bxa5 35.bxa5 Kb5 36.Ke3  1-0

[Event "Yerevan ol (Women)"]
[Site "Yerevan"]
[Date "1996.??.??"]
[Round "5"]
[White "Svobodova, Michaela"]
[Black "Cmilyte, Viktorija"]
[Result "1/2-1/2"]
[WhiteElo "2175"]
[BlackElo "2180"]

1.e4 c5 2.Nf3 Nc6 3.Bb5 g6 4.Bxc6 dxc6 5.h3 e5 6.d3 f6 7.Be3 Nh6 8.Nbd2 Nf7
9.a4 a5 10.Nc4 Be6 11.Nfd2 Be7 12.f4 exf4 13.Bxf4 O-O 14.O-O b5 15.Ne3 Ne5
16.Bxe5 fxe5 17.Rxf8+ Bxf8 18.Nf3 Bh6 19.Qe1 c4 20.Ng4 Bxg4 21.hxg4 cxd3
22.cxd3 Qxd3 23.g5 Bg7 24.Rd1 Qc4 25.axb5 Qxb5 26.Qc3 Qb6+ 27.Kh1 Qc7 28.Qc4+ Kh8
29.Qe6 Rd8 30.Rxd8+ Qxd8 31.Qxc6 Kg8 32.Qe6+ Kf8 33.Qh3 Qd1+ 34.Kh2 Qc1 35.Qd7 Qf4+
36.Kh1 Qxe4 37.Qd8+ Kf7 38.Qd7+ Kf8 39.Qc8+ Kf7 40.Qc7+ Kf8 41.Qd8+  1/2-1/2

[Event "Yerevan ol (Men)"]
[Site "Yerevan"]
[Date "1996.??.??"]
[Round "5"]
[White "Nedev, Trajce"]
[Black "Nadanian, Ashot"]
[Result "0-1"]
[WhiteElo "2415"]
[BlackElo "2325"]

1.e4 c5 2.Nf3 Nc6 3.Bb5 g6 4.O-O Bg7 5.Bxc6 bxc6 6.Re1 f6 7.d4 cxd4 8.Nxd4 Nh6
9.c4 Nf7 10.c5 O-O 11.Na3 Qa5 12.Nb3 Qc7 13.Bd2 Ba6 14.Ba5 Qb7 15.Bc3 Bh6
16.Qg4 Nd8 17.Nd4 Rf7 18.Rad1 Bg7 19.h4 e5 20.Ndc2 Ne6 21.b4 f5 22.exf5 Rxf5
23.Ne3 Rf4 24.Qh3 Raf8 25.Ng4 R4f5 26.Qe3 Nf4 27.Bxe5 Bxe5 28.Qb3+ Nd5 29.Rxe5 Rf4
30.Qg3 Qxb4 31.Rg5 Be2 32.Nh6+ Kg7 33.h5 Bxd1 34.hxg6 Qd4 35.Nf5+ R4xf5 36.gxh7+ Rxg5  0-1

[Event "Yerevan ol (Men)"]
[Site "Yerevan"]
[Date "1996.??.??"]
[Round "5"]
[White "Lendwai, Reinhard"]
[Black "Gamboa, Nelson"]
[Result "1-0"]
[WhiteElo "2370"]
[BlackElo "2410"]

1.e4 c5 2.Nf3 Nc6 3.Bb5 d6 4.O-O Bd7 5.Re1 a6 6.Bxc6 Bxc6 7.c4 Nf6 8.Nc3 e5
9.d3 Be7 10.a3 a5 11.b3 O-O 12.h3 Ne8 13.g4 Nc7 14.Be3 Rb8 15.b4 axb4 16.axb4 cxb4
17.Nd5 Bxd5 18.cxd5 Qd7 19.Qa4 Qxa4 20.Rxa4 Na6 21.Ra5 Rfc8 22.Rb5 f6 23.Ra1 Kf7
24.Nd2 Nc5 25.Bxc5 Rxc5 26.Rxb4 Rc3 27.Rb3 Rxb3 28.Nxb3 Rc8 29.Ra7 Rc7 30.Kg2 Bd8
31.Na5 b5 32.Ra8 Be7 33.Rb8 Rc3 34.Nc6 Bf8 35.Nd8+ Kg6 36.Ne6 Be7 37.Rxb5 Rc8
38.Rb7 Re8 39.Rd7 Kf7 40.h4 g6 41.g5 Rc8 42.Rb7 fxg5 43.hxg5 Ke8 44.Kf3 Rc3
45.Ke3 Rc8 46.f4 exf4+ 47.Kxf4 Rc1 48.d4 Rf1+ 49.Ke3 Re1+ 50.Kf3 Kf7 51.Nd8+ Ke8
52.Nc6 Bxg5 53.e5 dxe5 54.dxe5 h5 55.e6 Kf8 56.Rf7+ Kg8 57.Ne7+ Bxe7 58.Rxe7 Kf8
59.d6 Rf1+ 60.Ke4 Re1+ 61.Kd5 h4 62.Rh7 g5 63.d7 Rd1+ 64.Ke5 Kg8 65.e7  1-0

[Event "Yerevan ol (Women)"]
[Site "Yerevan"]
[Date "1996.??.??"]
[Round "6"]
[White "Arribas, Maritza"]
[Black "Botsari Miladinovic, Anna Maria"]
[Result "1/2-1/2"]
[WhiteElo "2280"]
[BlackElo "2335"]

1.e4 c5 2.Nf3 Nc6 3.Bb5 g6 4.O-O Bg7 5.Bxc6 dxc6 6.h3 e5 7.d3 Qc7 8.Be3 b6
9.a4 a5 10.Na3 Nf6 11.Nc4 Nh5 12.b4 b5 13.axb5 cxb5 14.Nxa5 cxb4 15.Nb3 Rxa1
16.Qxa1 O-O 17.Bc5 Re8 18.Qa5 Qd7 19.Bxb4 Nf4 20.Nc5 Qc6 21.Ra1 Bf8 22.Qa7 g5
23.Nh2 h5 24.Qa8 Qf6 25.Ra6 Ne2+ 26.Kf1 Qf4 27.Kxe2 Qxh2 28.Qc6 Rd8 29.Qf6 Qxg2
30.Qxd8 Bxh3 31.Nb3 Bg4+ 32.Kd2 Qxf2+ 33.Kc1 Qe1+ 34.Bxe1  1/2-1/2

[Event "Yerevan ol (Men)"]
[Site "Yerevan"]
[Date "1996.??.??"]
[Round "6"]
[White "Mamouri, Mehde"]
[Black "Rahman, Ziaur"]
[Result "0-1"]
[WhiteElo "2210"]
[BlackElo "2460"]

1.e4 c5 2.Nf3 Nc6 3.Bb5 g6 4.Bxc6 dxc6 5.d3 Bg7 6.Nc3 e5 7.Be3 Qe7 8.Qd2 Bg4
9.Ng1 Nf6 10.h3 Be6 11.Nge2 O-O 12.b3 Nd7 13.g4 Rfd8 14.Ng3 b5 15.Bg5 f6
16.Bh6 c4 17.Bxg7 Kxg7 18.dxc4 bxc4 19.O-O Bf7 20.Qe3 Qc5 21.Rfd1 Qa3 22.Na4 Nf8
23.g5 Qe7 24.Qc5 Qe6 25.h4 Kg8 26.Qe3 Qg4 27.Rxd8 Rxd8 28.Nc5 Qxh4 29.gxf6 Qxf6
30.Rf1 Qf4 31.Qc3 h5 32.bxc4 h4 33.Nh1 Nh7 34.Qe3 Bxc4 35.Qxf4 exf4 36.Nd3 Ng5
37.Rc1 h3 38.Ne5 Bxa2 39.Ra1 Re8 40.Rxa2 Rxe5 41.Kh2 a5 42.f3 Kg7 43.Nf2 Nxf3+
44.Kxh3 Rg5 45.Nh1 Rg1 46.Rxa5 g5  0-1

[Event "Yerevan ol (Men)"]
[Site "Yerevan"]
[Date "1996.??.??"]
[Round "7"]
[White "Pelikian, Jefferson"]
[Black "Mochalov, Evgeny V"]
[Result "1/2-1/2"]
[WhiteElo "2370"]
[BlackElo "2465"]

1.e4 c5 2.Nf3 Nc6 3.Bb5 g6 4.O-O Bg7 5.Re1 Nf6 6.c3 O-O 7.d4 d5 8.e5 Ne4
9.Nbd2 Nxd2 10.Qxd2 cxd4 11.cxd4 Bd7 12.Bxc6 Bxc6 13.Qf4 Bd7 14.Qh4 Bf5 15.Bd2 f6
16.Bb4 Re8 17.Qf4 Qb6 18.Bc3 Be4 19.Nd2 fxe5 20.dxe5 Rf8 21.Qg3 Bf5 22.Nb3 Rac8
23.Bd4 Qb4 24.Qe3 b6 25.Rac1 e6 26.h3 Qe7 27.Rc3 Qh4 28.Qc1 Bh6 29.Be3 Bxe3
30.Rexe3 Rxc3 31.Qxc3 Bb1 32.Rg3 Qc4 33.Nd2 Qxa2 34.Qb4 Qa1 35.Ra3 Ba2+ 36.Kh2 Qe1
37.f4 a5 38.Qd4 Bc4 39.Nxc4 Qb4 40.Qxb6 Qxc4 41.Qd6 Kh8 42.Rf3 Qe4 43.f5 Rxf5
44.Rxf5 exf5 45.Qf6+ Kg8 46.e6 Qf4+ 47.Kg1 Qc1+ 48.Kf2 Qf4+ 49.Ke2 Qe4+ 50.Kd1 Qd3+
51.Kc1 Qe3+ 52.Kc2 Qe2+ 53.Kb1 Qd1+ 54.Ka2 Qa4+ 55.Kb1 Qd1+  1/2-1/2